No banheiro tem... - Statistics

Estatísticas Gerais
  • Esse quiz foi jogado 474 vezes
    469 desde o último reset
  • A pontuação média é 20 de 38
Estatísticas das Respostas
No banheiro tem: % Correto
Chuveiro
92%
Sabonete
91%
Toalha
88%
Xampu
88%
Pia
86%
Patente
83%
Condicionador
79%
Espelho
79%
Papel Higiênico
79%
Pasta de dente
75%
Box
74%
Escova de Dentes
74%
Água
73%
Cremes
71%
Tapete
70%
Torneira
66%
Pente
59%
Banheira
54%
Armário
49%
Ralo
49%
Fio Dental
47%
Lixeira
47%
Descarga
42%
Secador de Cabelo
42%
Escova de Cabelo
41%
Esponja
41%
Desodorante
38%
Gilete
38%
Cesto de Roupa Suja
27%
Saboneteira
27%
Algodão
26%
Gel para Cabelo
21%
Touca para cabelo
17%
Cabide
14%
Sifão
11%
Loção
8%
Talco
6%
Fixador de Cabelo
4%
Nenhum quiz correspondente encontrado
Distribuição das Pontuações
Porcentagem de Pessoas com Cada Pontuação
Percentil de Números Respondidos
Sua Pontuação Histórica
Você não jogou esse quiz desde o último reset